<?xml version="1.0" encoding="UTF-8"?>
<record
    xmlns:xsi="http://www.w3.org/2001/XMLSchema-instance"
    xsi:schemaLocation="http://www.loc.gov/MARC21/slim http://www.loc.gov/standards/marcxml/schema/MARC21slim.xsd"
    xmlns="http://www.loc.gov/MARC21/slim">

  <leader>05109nam a2200325uu 4500</leader>
  <controlfield tag="001">1571888</controlfield>
  <controlfield tag="005">20240403091009.0</controlfield>
  <controlfield tag="007">cr|||||||</controlfield>
  <controlfield tag="008">220606s2022                        eng  </controlfield>
  <datafield tag="035" ind1=" " ind2=" ">
    <subfield code="a">1571888</subfield>
  </datafield>
  <datafield tag="040" ind1=" " ind2=" ">
    <subfield code="c">comduadb</subfield>
  </datafield>
  <datafield tag="041" ind1=" " ind2=" ">
    <subfield code="a">eng</subfield>
  </datafield>
  <datafield tag="100" ind1="1" ind2="0">
    <subfield code="a">Rinc&#xF3;n Tabares, Daniel Santiago</subfield>
    <subfield code="4">aut</subfield>
    <subfield code="e">aut</subfield>
    <subfield code="9">435265</subfield>
  </datafield>
  <datafield tag="245" ind1="1" ind2="0">
    <subfield code="a">Evaluation of the effector capacity of NK cells in men who have sex with men at high risk of HIV-1 infection from Medell&#xED;n</subfield>
  </datafield>
  <datafield tag="260" ind1=" " ind2=" ">
    <subfield code="a">Medell&#xED;n :</subfield>
    <subfield code="b">Autor(a),</subfield>
    <subfield code="c">2022.</subfield>
  </datafield>
  <datafield tag="300" ind1=" " ind2=" ">
    <subfield code="a">Archivo en Repositorio Institucional</subfield>
  </datafield>
  <datafield tag="520" ind1="3" ind2=" ">
    <subfield code="a">RESUMEN: Introducci&#xF3;n: La exposici&#xF3;n repetida al VIH-1 generalmente resulta en infecci&#xF3;n; sin embargo, algunos individuos, bajo constante exposici&#xF3;n al virus y contra la probabilidad estad&#xED;stica, no muestran evidencia serol&#xF3;gica o cl&#xED;nica de infecci&#xF3;n. Estos individuos son conocidos como HESN (HIV-Exposed Seronegative) y se han convertido en una poblaci&#xF3;n clave para la b&#xFA;squeda del fen&#xF3;meno de resistencia natural contra la infecci&#xF3;n por el VIH-1. Los estudios HESN incluyen personas con comportamientos sexuales de alto riesgo, como Hombres que tienen sexo con hombres (HSH), que experimentan problemas biol&#xF3;gicos y socioculturales que contribuyen a un mayor riesgo de contraer la infecci&#xF3;n por el VIH-1. Los HSH se han estudiado poco en comparaci&#xF3;n con otras cohortes, como las trabajadoras sexuales comerciales (TSC) o los usuarios de drogas intravenosas (UDI). Hace dos d&#xE9;cadas, se describi&#xF3; en HESN evidencia sobre el papel de las c&#xE9;lulas NK en la resistencia natural a la infecci&#xF3;n por VIH-1, como una mayor capacidad efectora y una mayor producci&#xF3;n de citoquinas. Sin embargo, se sabe poco sobre el efector y el potencial antiviral de las c&#xE9;lulas NK en la eliminaci&#xF3;n de las c&#xE9;lulas T CD4+ infectadas por el VIH en HSH de alto riesgo. Para ello, proponemos evaluar el papel de las c&#xE9;lulas NK en la resistencia natural a la infecci&#xF3;n por VIH-1 en esta poblaci&#xF3;n de alto riesgo. Metodolog&#xED;a: Se incluyeron en el estudio HSH de alto riesgo (HR-HSH) y bajo riesgo (LR-HSH) de infecci&#xF3;n por VIH-1. La capacidad efectora y antiviral de las c&#xE9;lulas NK se evalu&#xF3; en cocultivos con c&#xE9;lulas T CD4+ infectadas con VIH. La prote&#xED;na viral p24 se cuantific&#xF3; por citometr&#xED;a intracelular en c&#xE9;lulas T CD4+ infectadas por VIH-1 y los sobrenadantes del cocultivo, por ELISA. Los marcadores de activaci&#xF3;n, la producci&#xF3;n de citocinas y la capacidad funcional de las c&#xE9;lulas NK se evaluaron mediante citometr&#xED;a de flujo, y la cuantificaci&#xF3;n de citocinas en el cocultivo se midi&#xF3; mediante Cytometric Bead Array (CBA). Resultados: los HSH con alto riesgo de infecci&#xF3;n por VIH-1 muestran una mayor capacidad para eliminar las c&#xE9;lulas T CD4+ del VIH+, un porcentaje reducido de CD69+ y un mayor porcentaje de c&#xE9;lulas NK NKG2D+. A pesar de los niveles m&#xE1;s bajos de c&#xE9;lulas NK CD69+, dentro de esta poblaci&#xF3;n, se encontraron porcentajes m&#xE1;s altos de c&#xE9;lulas NK CD69+IFN-&#xBF;+ y CD69+ NKG2D+ en el grupo HR-MSM. Adem&#xE1;s, se encontraron niveles m&#xE1;s altos de RANTES y Granzima B en los sobrenadantes de los cocultivos de HR-MSM; estas mol&#xE9;culas est&#xE1;n ligadas a la actividad antiviral 7, lo que podr&#xED;a explicar los menores porcentajes de c&#xE9;lulas p24+ y la menor concentraci&#xF3;n encontrada para esta prote&#xED;na en los sobrenadantes evaluados. Finalmente, se encontraron correlaciones entre una reducci&#xF3;n en el porcentaje de c&#xE9;lulas p24+, concentraci&#xF3;n de RANTES y porcentaje de c&#xE9;lulas NK NKG2D positivas con el n&#xFA;mero de parejas sexuales en los &#xFA;ltimos tres meses. Conclusi&#xF3;n: Las c&#xE9;lulas NK de individuos HR-MSM tuvieron una mayor capacidad antiviral, lo que result&#xF3; en una menor concentraci&#xF3;n de prote&#xED;na p24 en los cocultivos y el porcentaje de c&#xE9;lulas T CD4+ p24+. Los cambios en la capacidad antiviral podr&#xED;an deberse a las diferencias encontradas en los marcadores de activaci&#xF3;n y la producci&#xF3;n de quimiocinas y citocinas en comparaci&#xF3;n con LR-MSM. La producci&#xF3;n de algunas mol&#xE9;culas antivirales tambi&#xE9;n se correlacion&#xF3; con el n&#xFA;mero de parejas sexuales en los &#xFA;ltimos tres meses. En conjunto, esta informaci&#xF3;n sugiere que una mayor exposici&#xF3;n al VIH-1 en individuos de alto riesgo podr&#xED;a estar incluida en un estado de &#x201C;entrenamiento&#x201D; de las c&#xE9;lulas NK para enfrentar el virus, influyendo en la resistencia natural al VIH observada en esta poblaci&#xF3;n.</subfield>
  </datafield>
  <datafield tag="650" ind1=" " ind2=" ">
    <subfield code="a">C&#xE9;lulas asesinas naturales</subfield>
    <subfield code="9">25706</subfield>
  </datafield>
  <datafield tag="650" ind1=" " ind2="7">
    <subfield code="a">SIDA</subfield>
    <subfield code="2">lemb</subfield>
    <subfield code="9">64892</subfield>
  </datafield>
  <datafield tag="650" ind1=" " ind2="7">
    <subfield code="a">Homosexualidad</subfield>
    <subfield code="2">lemb</subfield>
    <subfield code="9">2402</subfield>
  </datafield>
  <datafield tag="650" ind1=" " ind2=" ">
    <subfield code="a">Infecciones oportunistas relacionadas con SIDA</subfield>
    <subfield code="9">60013</subfield>
  </datafield>
  <datafield tag="650" ind1=" " ind2="7">
    <subfield code="a">Respuesta inmune</subfield>
    <subfield code="2">embne</subfield>
    <subfield code="9">23691</subfield>
  </datafield>
  <datafield tag="650" ind1=" " ind2=" ">
    <subfield code="a">Seronegatividad VIH</subfield>
    <subfield code="9">73795</subfield>
  </datafield>
  <datafield tag="650" ind1=" " ind2=" ">
    <subfield code="a">Hombres que tienen sexo con hombres</subfield>
    <subfield code="9">236986</subfield>
  </datafield>
  <datafield tag="700" ind1="1" ind2="0">
    <subfield code="a">Zapata Builes, Wildeman</subfield>
    <subfield code="4">ths</subfield>
    <subfield code="e">ths</subfield>
    <subfield code="9">640102</subfield>
  </datafield>
  <datafield tag="700" ind1="1" ind2="0">
    <subfield code="a">Rugeles L&#xF3;pez, Mar&#xED;a Teresa</subfield>
    <subfield code="4">ths</subfield>
    <subfield code="e">ths</subfield>
    <subfield code="9">287035</subfield>
  </datafield>
  <datafield tag="856" ind1="4" ind2=" ">
    <subfield code="u">https://bibliotecadigital.udea.edu.co/handle/10495/28988</subfield>
  </datafield>
  <datafield tag="942" ind1=" " ind2=" ">
    <subfield code="c">TESIS</subfield>
    <subfield code="n">0</subfield>
  </datafield>
  <datafield tag="999" ind1=" " ind2=" ">
    <subfield code="c">838859</subfield>
    <subfield code="d">838859</subfield>
  </datafield>
  <datafield tag="500" ind1=" " ind2=" ">
    <subfield code="a">Tesis (Maestr&#xED;a en Ciencias B&#xE1;sicas Biom&#xE9;dicas con &#xC9;nfasis en Inmunolog&#xED;a). Universidad de Antioquia - T&#xED;tulo del grado otorgado</subfield>
  </datafield>
</record>
